Анализ современных методов прогнозирования процессов сепарации многокомпонентных углеводородных сред; Творчество юных - шаг в успешное будущее

Մատենագիտական մանրամասներ
Parent link:Творчество юных - шаг в успешное будущее.— 2016.— [С. 204-206]
Հիմնական հեղինակ: Николаев Е. В. Евгений Владимирович
Համատեղ հեղինակ: Национальный исследовательский Томский политехнический университет (ТПУ) Институт природных ресурсов (ИПР) Кафедра транспорта и хранения нефти и газа (ТХНГ)
Այլ հեղինակներ: Харламов С. Н. Сергей Николаевич (научный руководитель)
Ամփոփում:Заглавие с титульного экрана
Լեզու:ռուսերեն
Հրապարակվել է: 2016
Շարք:Новейшие системы, техника и технологии для подводного изучения шельфа Арктикии прибрежных зон арктических морей
Խորագրեր:
Առցանց հասանելիություն:http://earchive.tpu.ru/handle/11683/36866
Ձևաչափ: MixedMaterials Էլեկտրոնային Գրքի գլուխ
KOHA link:https://koha.lib.tpu.ru/cgi-bin/koha/opac-detail.pl?biblionumber=621959

MARC

LEADER 00000naa2a2200000 4500
001 621959
005 20231225162132.0
035 |a (RuTPU)RU\TPU\conf\20607 
035 |a RU\TPU\conf\20606 
090 |a 621959 
100 |a 20170131d2016 k y0rusy50 ca 
101 0 |a rus 
102 |a RU 
105 |a y z 101zy 
135 |a drcn ---uucaa 
181 0 |a i  
182 0 |a b 
200 1 |a Анализ современных методов прогнозирования процессов сепарации многокомпонентных углеводородных сред  |f Е. В. Николаев, С. Н. Харламов  |g науч. рук. С. Н. Харламов 
203 |a Текст  |c электронный 
225 1 |a Новейшие системы, техника и технологии для подводного изучения шельфа Арктикии прибрежных зон арктических морей 
300 |a Заглавие с титульного экрана 
320 |a [Библиогр.: с. 205-206 (6 назв.)] 
463 1 |0 (RuTPU)RU\TPU\conf\20537  |t Творчество юных - шаг в успешное будущее  |o Арктика и её освоение  |o материалы IX Всероссийской научной молодежной конференции с международным участием с элементами научной школы имени профессора М.К. Коровина, г. Томск, 10-14 октября 2016 г.  |f Национальный исследовательский Томский политехнический университет (ТПУ) ; под ред. А. Ю. Дмитриева  |v [С. 204-206]  |d 2016 
610 1 |a труды учёных ТПУ 
610 1 |a электронные ресурсы 
610 1 |a промысловый сбор 
610 1 |a переработка 
610 1 |a прогнозирование 
610 1 |a углеводородные среды 
610 1 |a сепарация 
700 1 |a Николаев  |b Е. В.  |c специалист в области электротехники  |c инженер Томского политехнического университета  |f 1989-  |g Евгений Владимирович  |3 (RuTPU)RU\TPU\pers\31309  |9 15487 
701 1 |a Харламов  |b С. Н.  |c специалист в области транспорта и хранения нефти  |c профессор Томского политехнического университета  |f 1957-  |g Сергей Николаевич  |3 (RuTPU)RU\TPU\pers\26140  |9 11969 
702 1 |a Харламов  |b С. Н.  |c специалист в области транспорта и хранения нефти  |c профессор Томского политехнического университета  |f 1957-  |g Сергей Николаевич  |4 727  |9 11969 
712 0 2 |a Национальный исследовательский Томский политехнический университет (ТПУ)  |b Институт природных ресурсов (ИПР)  |b Кафедра транспорта и хранения нефти и газа (ТХНГ)  |3 (RuTPU)RU\TPU\col\18661 
801 2 |a RU  |b 63413507  |c 20170210  |g RCR 
856 4 |u http://earchive.tpu.ru/handle/11683/36866 
942 |c BK